000 00559nam a22001937a 4500
003 OSt
005 20170310142226.0
008 170310b xxu||||| |||| 00| 0 eng d
020 _a9780691131085
040 _cDDC.
082 _a530BAL 2008.
100 _aBalibar,Sebastien;
_911812
245 _aThe Atom and the Apple.
_bTwelve tales from the Contemporary physics,
260 _aPrinceton.
_bPrinceton University Press.
_c2008.
300 _ax,190p;
_bill;
_c25cm.
504 _aincludes notes and index.
650 _aPhysics.
_9809
942 _2ddc
_cO_SHELF
999 _c5663
_d5663